The history of ehthnic definitions on the Atlantic Coast of Nicaragua

Wedi'i Gadw mewn:
Manylion Llyfryddiaeth
Prif Awdur: Von Oertzen, Eleonore
Fformat: Texto
Cyhoeddwyd: Universitat Hannover
Pynciau:
Tagiau: Ychwanegu Tag
Dim Tagiau, Byddwch y cyntaf i dagio'r cofnod hwn!

MARC

LEADER 00000 a a2200000 04500
001 32739
003
040
090 |a 203800  
100 |a Von Oertzen, Eleonore  
245 |a The history of ehthnic definitions on the Atlantic Coast of Nicaragua  
260 |a Universitat Hannover  
300 |a 19 p.  
650 |a ETNICIDAD  
650 |a MINORIAS ETNICAS  
650 |a ESCLAVITUD  
650 |a HISTORIA SOCIAL  
650 |a NICARAGUA  
999 |c 8894  |d 8894